Southville International School and Colleges
Your cart is empty.
  • Cart
  • Lists
    Public lists Eva Luna New books Lux_list list_1
    Your lists Log in to create your own lists
  • Log in to your account
  • Your cookies
  • Search history
Southville International School and Colleges
  • Advanced search
  • Recent comments
  • Most popular
  • Libraries

Log in to your account

Log in with GOOGLE


If you do not have an external account, but do have a local account, you can still log in:

  1. Home
  2. MARC view: All about Opus Dei /
Normal view MARC view ISBD view

All about Opus Dei / (Record no. 9071)

[ view plain ]
MARC details
000 -LEADER
fixed length control field 00539nam a22002057a 4500
003 - CONTROL NUMBER IDENTIFIER
control field OSt
005 - DATE AND TIME OF LATEST TRANSACTION
control field 20140310182055.0
008 - FIXED-LENGTH DATA ELEMENTS--GENERAL INFORMATION
fixed length control field 130108t xxu||||| |||| 00| 0 eng d
020 ## - INTERNATIONAL STANDARD BOOK NUMBER
International Standard Book Number 9711171023
050 ## - LIBRARY OF CONGRESS CALL NUMBER
Classification number BX 819.3
Item number .T728 1989
082 ## - DEWEY DECIMAL CLASSIFICATION NUMBER
Classification number HS 248
Item number L56 1989
100 ## - MAIN ENTRY--PERSONAL NAME
Personal name Le Tourneau, Dominique
9 (RLIN) 12334
245 ## - TITLE STATEMENT
Title All about Opus Dei /
Statement of responsibility, etc Dominique Le Tourneau.
260 ## - PUBLICATION, DISTRIBUTION, ETC. (IMPRINT)
Place of publication, distribution, etc Manila :
Name of publisher, distributor, etc Sinag-Tala Publishers,
Date of publication, distribution, etc 1994.
300 ## - PHYSICAL DESCRIPTION
Extent 152 p. ;
Dimensions 21 cm.
562 ## - COPY AND VERSION IDENTIFICATION NOTE
Number of copies 1
650 ## - SUBJECT ADDED ENTRY--TOPICAL TERM
Topical term or geographic name as entry element Opus Dei
9 (RLIN) 12335
942 ## - ADDED ENTRY ELEMENTS (KOHA)
Source of classification or shelving scheme Library of Congress Classification
Holdings
Withdrawn status Lost status Source of classification or shelving scheme Damaged status Home library Current library Shelving location Date acquired Total Checkouts Full call number Barcode Date last seen Copy number Price effective from Koha item type
    Library of Congress Classification   Luxembourg Library Luxembourg Library High School Section 08/22/2013   BX 819.3 .T728 1989 2532 06/13/2017 1 08/22/2013 Books

All about Opus Dei /

APA

Le Tourneau D., . (1994). All about Opus Dei. Manila: Sinag-Tala Publishers.

Chicago

Le Tourneau Dominique, . 1994. All about Opus Dei. Manila: Sinag-Tala Publishers.

Harvard

Le Tourneau D., . (1994). All about Opus Dei. Manila: Sinag-Tala Publishers.

MLA

Le Tourneau Dominique, . All about Opus Dei. Manila: Sinag-Tala Publishers. 1994.

  • Place hold
  • Print
  • Cite
  • Add to your cart (remove)
  • Save record
    BIBTEX Dublin Core MARCXML MARC (non-Unicode/MARC-8) MARC (Unicode/UTF-8) MARC (Unicode/UTF-8, Standard) MODS (XML) RIS
  • More searches
    Search for this title in:
    Other Libraries (WorldCat) Other Databases (Google Scholar) Online Stores (Bookfinder.com) Open Library (openlibrary.org)

Exporting to Dublin Core...

SOUTHVILLE LIBRARY

Southville International School and Colleges Library

1281 Tropical Ave. Cor. Luxembourg St., BF Homes International, Las Pinas City

Tel. No. 8256374 / 252358 Loc. 117/146

Powered by Koha